Valuation of woodlands (Record no. 110976)
[ view plain ]
| 000 -LEADER | |
|---|---|
| fixed length control field | 01455cam a22002775a 4500 |
| 001 - CONTROL NUMBER | |
| control field | L150758 |
| 008 - FIXED-LENGTH DATA ELEMENTS--GENERAL INFORMATION | |
| fixed length control field | 100901s2010 xxk f 000 0 eng d |
| 020 ## - INTERNATIONAL STANDARD BOOK NUMBER | |
| International Standard Book Number | 9781842196229 |
| 035 ## - SYSTEM CONTROL NUMBER | |
| System control number | (Sirsi) u150758 |
| 041 0# - LANGUAGE CODE | |
| Language code of text/sound track or separate title | eng |
| 050 04 - LIBRARY OF CONGRESS CALL NUMBER | |
| Classification number | 333.332 |
| 110 2# - MAIN ENTRY--CORPORATE NAME | |
| Corporate name or jurisdiction name as entry element | Royal Institution of Chartered Surveyors |
| 9 (RLIN) | 4900 |
| 245 00 - TITLE STATEMENT | |
| Title | Valuation of woodlands |
| Statement of responsibility, etc. | [old edition] |
| 250 ## - EDITION STATEMENT | |
| Edition statement | 1st |
| 260 ## - PUBLICATION, DISTRIBUTION, ETC. | |
| Place of publication, distribution, etc. | Coventry, |
| Name of publisher, distributor, etc. | RICS, |
| Date of publication, distribution, etc. | 2010 |
| 300 ## - PHYSICAL DESCRIPTION | |
| Extent | iv, 12p. |
| Other physical details | ill. |
| Dimensions | 30cm. |
| 490 #0 - SERIES STATEMENT | |
| Series statement | RICS Guidance Note |
| 490 #0 - SERIES STATEMENT | |
| Series statement | RICS Practice Standards UK |
| 505 2# - FORMATTED CONTENTS NOTE | |
| Formatted contents note | RICS Valuation standards -- RICS guidance notes -- Scope -- Introduction -- Catagories of woodland -- Factors affecting the value of woodlands -- Establishing the facts: preparatory work and property inspection -- Valuation methods. |
| 520 ## - SUMMARY, ETC. | |
| Summary, etc. | This guidance note provides advice to surveyors on the main factors that impact the market value of woodlands. It looks at the complex issues that might come up in assessing woodlands such as catagories of woodland, factors affecting value, preparatory work and inspection and valuation methods. |
| 520 ## - SUMMARY, ETC. | |
| Summary, etc. | Superseded by 2nd edition ISBN 9781783214969 Effective from 1 June 2023 |
| 651 #4 - SUBJECT ADDED ENTRY--GEOGRAPHIC NAME | |
| Geographic name | United Kingdom |
| 690 ## - LOCAL SUBJECT ADDED ENTRY--TOPICAL TERM (OCLC, RLIN) | |
| Topical term or geographic name as entry element | PROPERTY-PROPERTY APPRAISAL AND VALUATION |
| 856 41 - ELECTRONIC LOCATION AND ACCESS | |
| Uniform Resource Identifier | <a href="https://www.rics.org/content/dam/ricsglobal/documents/standards/August_2010_valuation_of_woodlands_1st_edition_rics.pdf">https://www.rics.org/content/dam/ricsglobal/documents/standards/August_2010_valuation_of_woodlands_1st_edition_rics.pdf</a> |
| Public note | View old edition on RICS.org |
| 942 ## - ADDED ENTRY ELEMENTS (KOHA) | |
| Suppress in OPAC | 0 |
| Source of classification or shelving scheme | Dewey Decimal Classification |
| Withdrawn status | Lost status | Source of classification or shelving scheme | Damaged status | Not for loan | Home library | Current library | Shelving location | Date acquired | Total Checkouts | Full call number | Barcode | Date last seen | Copy number | Price effective from | Koha item type |
|---|---|---|---|---|---|---|---|---|---|---|---|---|---|---|---|
| Dewey Decimal Classification | London | London | Basement | 01/09/2010 | RICS 2010/36 | 30076882 | 06/08/2019 | 1 | 06/08/2019 | Archive | |||||
| Dewey Decimal Classification | London | London | RICS Boxes | 06/06/2011 | RICS 2010/36 | 30076885 | 06/08/2019 | 2 | 06/08/2019 | Book | |||||
| Dewey Decimal Classification | London | London | RICS Boxes | 06/06/2011 | RICS 2010/36 | 30076884 | 06/08/2019 | 3 | 06/08/2019 | Book |